| 000 | 00734nam a2200229 i 4500 | ||
|---|---|---|---|
| 001 | 80636 | ||
| 003 | ES-MaACL | ||
| 005 | 20250729153302.0 | ||
| 007 | t| | ||
| 008 | 041029s1909 xxu |||| | eng d | ||
| 080 | _a7.01(02)"17" | ||
| 100 | 1 |
_aHogarth, William. _963975 |
|
| 245 | 1 | 4 |
_aThe analysis of beauty / _cWilliam Hogarth. |
| 260 |
_aPittsburgh ; _aMassachusetts, _c1909. |
||
| 300 |
_a242 p. ; _c20 cm. |
||
| 530 | _aDisponible en formato digital. | ||
| 650 | 4 |
_aEstética- _xObras anteriores a 1800. _912538 |
|
| 852 |
_aES-MaACL _jF-2816 _cDEPO2 _zRevisado enlace: 29 de julio de 2025 |
||
| 856 | 4 |
_uhttp://archive.org/details/analysisbeauty00hogagoog _y(Internet Archive) |
|
| 942 | _2udc | ||
| 999 |
_c80636 _d80636 |
||